| 000 | 01320com a2200361 c 4500 | ||
|---|---|---|---|
| 001 | |||
| 003 | |||
| 005 | 20211015093316.0 | ||
| 007 | |||
| 007 | |||
| 008 | 200721s20uu sp | 0 spa | ||
| 015 | _a | ||
| 015 | _a | ||
| 017 |
_a _b _z |
||
| 020 | _a9788449423260 | ||
| 040 |
_aBPMSU _bspa _cBPMSU _e |
||
| 080 | _a | ||
| 082 |
_a155.3 _bS518c _222 |
||
| 245 | 3 |
_aEl sexo contado a los pequeños / _credacción Pere Font Cabré, Elena O'Callaghan i Duch ; ilustración Mercè Arànega, María Pascual. _b |
|
| 260 |
_aBarcelona : _bEditorial Oceano, _c[200-?] |
||
| 300 |
_a2 v. : _bilustraciones (color) _c29 cm + _e1 CD-ROM |
||
| 500 | _aEl CD-Rom es complemento del libro. | ||
| 505 | 0 | _av.1 María, Carlos y sus amigos ; El cuerpo y los sentidos ; Somos iguales, somos diferentes ; Crecemos: la pubertad. -- v.2 Las personas nos relacionamos ; Va a nacer un niño ; El respeto por el cuerpo ; Al cerrar el libro. | |
| 590 | _6Inventariado, 2021/VM | ||
| 650 | 4 |
_aSexualidad infantil _vPreguntas y respuestas. _2 |
|
| 650 | 4 | _aEducación sexual para niños. | |
| 700 | 1 | _aFont Cabré, Pere. | |
| 700 | 1 |
_aO'Callaghan i Duch, Elena, _d1955- |
|
| 700 | 1 |
_aAránega, Mercé, _d1949- _eil. |
|
| 700 | 1 |
_aPascual, María, _eil. |
|
| 910 | _aVMateo V. | ||
| 942 |
_2ddc _cBK |
||
| 999 |
_c13792 _d13792 |
||